| 000 | 00995nam0a22002771 4500 | ||
|---|---|---|---|
| 001 | rc\3659276 | ||
| 005 | 20250610092421.0 | ||
| 021 |
_aRU _b[73-15953] |
||
| 035 | _a(NLR Aleph) 007836981 | ||
| 090 |
_a9778437 _c9778437 |
||
| 100 | _a20130115d1972 |||y0rusy50 ca | ||
| 101 | 0 | _arus | |
| 102 | _aRU | ||
| 105 | _ay z ||||| | ||
| 200 | 1 |
_aПолиция США _eОсновные черты организации и деятельности _eУчеб. пособие _fВысш. школа МВД СССР |
|
| 210 |
_aМосква _cБ. и. _d1972 |
||
| 215 |
_a78 с. _d21 |
||
| 532 | 1 | 2 | _aПолиция Соединенных Штатов Америки |
| 606 |
_aПолиция в США _2psbo |
||
| 700 | 1 |
_4220 _7ca _8rus _aКрылов _bБ. С. _cд-р юрид. наук _f1923-2013 _gБорис Сергеевич _9180076 _3RU\NLR\AUTH\770180127 |
|
| 801 | 0 |
_aRU _bNLR _gpsbo |
|
| 801 | 1 |
_aRU _bELAR _2rusmarc |
|
| 852 |
_aNLR _j73-6/565 |
||
| 942 | _cBOOK | ||
| 980 | _aNB | ||